000 00714cab a2200217 4500
001 WB2601-04
008 090401t1989 xxu||||| |||| 00| 0 eng d
035 _a(Sirsi) u46420
041 _aeng
245 _aArt valuation
260 _c1989
350 _a0
490 _aTimes
_v22/12/89 p3 & p28
520 _aLuxmoore-May and another v Messenger May Baverstock CA 21/12/89, the valuation of pictures where the artist was unknown was by its nature fallible and, provided the valuer had acted honestly should not be considered as professionally negligent.
650 _aAUCTIONEERS
650 _aNEGLIGENCE
650 _aPAINTINGS
690 _aAuctioneering
_96218
942 _n0
948 _c04/03/1997
999 _c29368
_d29368